[Event "Jm KP I 24-25 Kurim A-Hustopece"]
[Site "Kurim "]
[Date "2025.02.16"]
[Round "43.1"]
[White "Nemec, David"]
[Black "Kuchynka, Lukas"]
[Result "1/2-1/2"]
[WhiteElo "2078"]
[BlackElo "2229"]
[PlyCount "43"]

1. e4 b6 2. d4 Bb7 3. Bd3 Nf6 4. Qe2 Nc6 5. c3 e5 6. d5 Ne7 7. Nf3 Ng6 8. h4 h5
9. g3 c6 10. c4 Ng4 11. O-O Bc5 12. a3 a5 13. Bg5 Qc7 14. Nc3 Bc8 15. Nh2 f6
16. Bd2 d6 17. dxc6 Qxc6 18. Bc2 a4 19. Qd1 Bd7 20. Nb5 Ke7 21. Bb4 Be6 22. Bd3
1/2-1/2

[Event "Jm KP I 24-25 Kurim A-Hustopece"]
[Site "Kurim"]
[Date "2025.02.16"]
[Round "43.2"]
[White "Vaculik, Martin"]
[Black "Tajovsky, Martin"]
[Result "0-1"]
[WhiteElo "1977"]
[BlackElo "2201"]
[PlyCount "72"]

1. e4 c5 2. Nf3 Nc6 3. Bb5 g6 4. Bxc6 dxc6 5. d3 Bg7 6. h3 Nf6 7. Nc3 O-O 8.
Be3 b6 9. Qd2 e5 10. a3 Qd6 11. O-O Nd7 12. b4 cxb4 13. axb4 Qxb4 14. Rfb1 Qd6
15. Bxb6 Nxb6 16. Rxb6 axb6 17. Rxa8 Be6 18. Rxf8+ Qxf8 19. Ne2 Qc5 20. c3 b5
21. Qe3 Qd6 22. d4 Bc4 23. Ng3 exd4 24. cxd4 b4 25. e5 Qe7 26. Ne4 Bd5 27. Nc5
Qa7 28. Nd2 Qa1+ 29. Kh2 Qc3 30. Ndb3 Bf8 31. Qg5 Bxb3 32. Qd8 Be6 33. Ne4 Qc1
34. Nf6+ Kg7 35. Ne8+ Kh8 36. Qf6+ Kg8 0-1

[Event "Jm KP I 24-25 Kurim A-Hustopece"]
[Site "Kurim"]
[Date "2025.02.16"]
[Round "43.3"]
[White "Jordanov, Mihail"]
[Black "Hradek, Matyas"]
[Result "1-0"]
[WhiteElo "2241"]
[BlackElo "1946"]
[PlyCount "53"]

1. e4 e5 2. Nf3 Nc6 3. Bb5 a6 4. Ba4 Nf6 5. O-O b5 6. Bb3 Bc5 7. a4 Bb7 8. c3
d6 9. d4 Bb6 10. Re1 O-O 11. Bg5 h6 12. Bh4 g5 13. Nxg5 hxg5 14. Bxg5 exd4 15.
Bd5 dxc3 16. Nxc3 Kg7 17. e5 dxe5 18. Ne4 Nxe4 19. Bxd8 Nxf2 20. Qh5 Raxd8 21.
Qg5+ Kh7 22. Qh4+ Kg7 23. Ra3 Nd3+ 24. Kf1 Rxd5 25. Qg5+ Kh8 26. Re4 Bf2 27.
Qh6+ 1-0

[Event "Jm KP I 24-25 Kurim A-Hustopece"]
[Site "Kurim"]
[Date "2025.02.16"]
[Round "43.4"]
[White "Urban, Vlastimil"]
[Black "Majer, Jiri"]
[Result "1/2-1/2"]
[WhiteElo "1928"]
[BlackElo "2140"]
[PlyCount "35"]

1. d4 Nf6 2. c4 g6 3. Nc3 Bg7 4. e4 d6 5. f3 O-O 6. Nge2 Nc6 7. Bg5 h6 8. Be3
e5 9. d5 Ne7 10. Qd2 Kh7 11. g4 c6 12. Ng3 cxd5 13. cxd5 Bd7 14. Bd3 a6 15. h4
Nfg8 16. O-O-O b5 17. Rdg1 b4 18. Nd1 1/2-1/2

[Event "Jm KP I 24-25 Kurim A-Hustopece"]
[Site "Kurim"]
[Date "2025.02.16"]
[Round "43.6"]
[White "Sedy, Ctirad"]
[Black "Pavlik, Vladimir"]
[Result "0-1"]
[WhiteElo "1900"]
[BlackElo "1972"]
[PlyCount "110"]

1. e4 d6 2. Bc4 Nf6 3. d3 e5 4. Nc3 c6 5. Bg5 Be7 6. Nge2 h6 7. Bxf6 Bxf6 8.
O-O b5 9. Bb3 b4 10. Nb1 O-O 11. Nd2 a5 12. a3 Na6 13. axb4 axb4 14. Ng3 g6 15.
Kh1 Rb8 16. h3 Nc5 17. Rb1 Bg5 18. Ne2 Qf6 19. Bc4 Rd8 20. d4 Bxd2 21. Qxd2
Nxe4 22. Qe3 d5 23. Bd3 exd4 24. Qxd4 Qxd4 25. Nxd4 Bd7 26. Nb3 Nd6 27. Rfe1
Kf8 28. g4 Nb7 29. Rbc1 c5 30. Bf1 Ba4 31. Nd2 Re8 32. b3 Bc6 33. Bg2 Nd6 34.
Kg1 f6 35. c4 bxc3 36. Rxe8+ Kxe8 37. Rxc3 Nb7 38. b4 Kd7 39. bxc5 Ra8 40. Rc2
Ra1+ 41. Kh2 Rd1 42. Bf3 Ra1 43. Bg2 Ra3 44. h4 g5 45. hxg5 hxg5 46. f3 Nd8 47.
Nb1 Ra5 48. Nd2 Ne6 49. Nb3 Rb5 50. Rc3 d4 51. Rd3 Rb4 52. Na5 Nxc5 53. Rd2 Bd5
54. Rc2 Kd6 55. f4 Ra4 0-1

[Event "Jm KP I 24-25 Kurim A-Hustopece"]
[Site "Kurim"]
[Date "2025.02.16"]
[Round "43.7"]
[White "Soucek, Andrej"]
[Black "Nerud, Matous"]
[Result "1-0"]
[WhiteElo "2014"]
[BlackElo "1913"]
[PlyCount "47"]

1. d4 g6 2. e4 Bg7 3. Nf3 d6 4. Bc4 a6 5. a4 e6 6. Bb3 Ne7 7. O-O O-O 8. Bg5 h6
9. Bh4 Nd7 10. c3 b6 11. Nbd2 Bb7 12. Qe2 c5 13. Rad1 Re8 14. Nc4 Qc7 15. Bg3
e5 16. dxe5 dxe5 17. Rxd7 Qxd7 18. Ncxe5 Qc8 19. Bxf7+ Kh7 20. Bxe8 Qxe8 21.
Nc4 Qc6 22. Nd6 Rd8 23. Nxb7 Qxb7 24. Re1 1-0

[Event "Jm KP I 24-25 Kurim A-Hustopece"]
[Site "Kurim"]
[Date "2025.02.16"]
[Round "43.8"]
[White "Sknouril, Jakub"]
[Black "Kriz, Tomas"]
[Result "0-1"]
[WhiteElo "1977"]
[BlackElo "1900"]
[PlyCount "92"]

1. Nf3 f5 2. c4 Nf6 3. Nc3 g6 4. b3 Bg7 5. Bb2 d6 6. d4 O-O 7. e3 c6 8. Be2
Nbd7 9. Qc2 e5 10. Ba3 exd4 11. Nxd4 Nb6 12. Rd1 Qc7 13. O-O Kh8 14. c5 dxc5
15. Bxc5 Re8 16. Ba3 Qf7 17. Bb2 Be6 18. Nxe6 Qxe6 19. Rd2 Rad8 20. Rfd1 Rd7
21. Rxd7 Nfxd7 22. Bf1 Ne5 23. Ne2 Qf6 24. f4 Nf3+ 25. Kf2 Qxb2 26. Qxb2 Bxb2
27. gxf3 Nd5 28. Rd3 Re7 29. Bg2 Ba3 30. Nd4 Bc5 31. Nc2 Nxf4 32. Rd8+ Kg7 33.
Bf1 Nd5 34. Bc4 Nxe3 35. Rg8+ Kh6 36. Nxe3 Rxe3 37. Kg2 b5 38. Bf1 Rc3 39. Rc8
Bd4 40. Rd8 Rc2+ 41. Kh1 Be5 42. h3 Rxa2 43. Rc8 Rc2 44. Kg1 Rc3 45. b4 Kg5 46.
h4+ Kxh4 0-1

[Event "Jm KP I 24-25 Sloup-Duras Brno B"]
[Site "Sloup, Hotel Brousek, board 1"]
[Date "2025.02.16"]
[Round "44.1"]
[White "Pokladnik, Martin"]
[Black "Glozar, Petr"]
[Result "0-1"]
[WhiteElo "2032"]
[BlackElo "2161"]
[PlyCount "110"]

1. e4 c5 2. Nf3 e6 3. d4 cxd4 4. Nxd4 a6 5. c4 Qc7 6. Nc3 Nf6 7. a3 Be7 8. Be3
d6 9. Be2 Nbd7 10. f3 b6 11. Qd2 Bb7 12. O-O O-O 13. Rfd1 Rac8 14. Rac1 Rfd8
15. b4 Qb8 16. Na4 Bf8 17. Nb3 Bc6 18. b5 axb5 19. cxb5 Ba8 20. Nd4 Nc5 21. Nb2
d5 22. exd5 Nxd5 23. Bf2 Nf4 24. Qe3 Bd6 25. Bg3 Nxe2+ 26. Nxe2 Bxg3 27. hxg3
Bd5 28. Rc3 e5 29. Rdc1 f6 30. Nd3 Nxd3 31. Qxd3 Rxc3 32. Qxc3 Qd6 33. Rd1 Qe7
34. Qe3 Be6 35. Rc1 Rd6 36. Rc3 h6 37. Kf2 Qd7 38. a4 Bf5 39. Kg1 Rd1+ 40. Kf2
Bd3 41. Rc1 Bxe2 42. Kxe2 Rd4 43. Qb3+ Kh8 44. Rd1 e4 45. Rxd4 Qxd4 46. Qe3
Qxa4 47. Qxb6 Qc2+ 48. Ke1 Qc3+ 49. Ke2 Qd3+ 50. Ke1 e3 51. Qa5 f5 52. b6 Qc2
53. Qa8+ Kh7 54. Qd5 Qf2+ 55. Kd1 e2+ 0-1

[Event "Jm KP I 24-25 Sloup-Duras Brno B"]
[Site "Sloup, Hotel Brousek, board 2"]
[Date "2025.02.16"]
[Round "44.2"]
[White "Novy, Martin"]
[Black "Bohacek, Milan"]
[Result "1/2-1/2"]
[WhiteElo "2081"]
[BlackElo "2011"]
[PlyCount "112"]

1. d4 d6 2. Nf3 Nf6 3. e3 g6 4. Be2 Bg7 5. O-O O-O 6. b3 c5 7. Bb2 cxd4 8. Nxd4
Nc6 9. c4 Bd7 10. Nc3 a6 11. Rc1 Qc7 12. Nd5 Qd8 13. Nxc6 Bxc6 14. Nxf6+ Bxf6
15. Bxf6 exf6 16. Rc2 Qe7 17. Bf3 Rac8 18. Rd2 Rfd8 19. Qe2 Bxf3 20. Qxf3 b5
21. cxb5 axb5 22. Rfd1 Kg7 23. g3 Rc5 24. Qf4 Rf5 25. Qb4 Rc5 26. Qxc5 dxc5 27.
Rxd8 c4 28. bxc4 bxc4 29. R8d2 Qa3 30. Rc2 Qa4 31. Rdd2 Qb4 32. Kg2 c3 33. Re2
f5 34. f3 g5 35. e4 f4 36. g4 Kf6 37. a4 Qxa4 38. Rxc3 Qd1 39. Rcc2 Kg7 40.
Rcd2 Qb1 41. Rd5 h6 42. h4 gxh4 43. Rh5 Qd1 44. Rf2 Kg6 45. Rxh4 f6 46. Rh1 Qd4
47. Rh5 Qe3 48. Rf5 Kg7 49. Rd5 Kg6 50. Rdd2 Qe1 51. Rde2 Qa1 52. Rf1 Qa5 53.
Rfe1 Qg5 54. Rh1 Qb5 55. Rd2 Qa5 56. Rc2 Qa4 1/2-1/2

[Event "Jm KP I 24-25 Sloup-Duras Brno B"]
[Site "Sloup, Hotel Brousek, board 3"]
[Date "2025.02.16"]
[Round "44.3"]
[White "Sevcik, Leos"]
[Black "Tikovsky, Alexandr"]
[Result "0-1"]
[WhiteElo "2026"]
[BlackElo "2090"]
[PlyCount "56"]

1. Nf3 g6 2. e4 Bg7 3. d4 d6 4. Bd3 Nc6 5. Be3 Nf6 6. h3 O-O 7. Qd2 e5 8. d5
Ne7 9. O-O Nxe4 10. Bxe4 f5 11. Bxf5 Nxf5 12. Bg5 Qe8 13. Nc3 h6 14. Be3 g5 15.
Nh2 Bd7 16. f3 Nxe3 17. Qxe3 Qg6 18. Ne4 Rf4 19. c4 b6 20. b4 h5 21. Rae1 Raf8
22. Kh1 g4 23. fxg4 hxg4 24. hxg4 Bxg4 25. g3 Rxf1+ 26. Rxf1 Rxf1+ 27. Nxf1 Bh6
28. Qd3 Bf5 0-1

[Event "Jm KP I 24-25 Sloup-Duras Brno B"]
[Site "Sloup, Hotel Brousek, board 4"]
[Date "2025.02.16"]
[Round "44.4"]
[White "Tuma, Miroslav"]
[Black "Moc, Roman"]
[Result "0-1"]
[WhiteElo "1872"]
[BlackElo "1938"]
[PlyCount "90"]

1. e4 c5 2. Nf3 e6 3. d4 cxd4 4. Nxd4 a6 5. Be3 Nf6 6. Nd2 Qc7 7. Bd3 d6 8. f4
Nbd7 9. N4b3 b6 10. g4 Nc5 11. Nxc5 dxc5 12. g5 Nd7 13. a4 Nb8 14. O-O Nc6 15.
c3 Bd6 16. Nc4 Bb7 17. Nxd6+ Qxd6 18. Qe2 Qc7 19. f5 e5 20. Rad1 a5 21. Bb5 Rd8
22. Rd5 O-O 23. Qh5 Rxd5 24. exd5 Ne7 25. f6 Ng6 26. Rf3 Bc8 27. fxg7 Rd8 28.
Bc6 Qe7 29. Rf6 Rd6 30. Qf3 Kxg7 31. Rxd6 Qxd6 32. Bf2 Nf4 33. Bg3 Nh3+ 34. Kf1
Nxg5 35. Qe3 f6 36. c4 Bf5 37. Be8 Bg4 38. h4 Nf3 39. Kf2 Nd4 40. Bh2 Qe7 41.
Qg3 Qxe8 42. Qxg4+ Qg6 43. Qd7+ Kh6 44. d6 Qc2+ 45. Kg3 Qd3+ 0-1

[Event "Jm KP I 24-25 Sloup-Duras Brno B"]
[Site "Sloup, Hotel Brousek, board 5"]
[Date "2025.02.16"]
[Round "44.5"]
[White "Moc, Martin"]
[Black "Zavadil, Michal"]
[Result "1/2-1/2"]
[WhiteElo "1994"]
[BlackElo "2002"]
[PlyCount "95"]

1. d4 d5 2. c4 e5 3. dxe5 Ne7 4. e3 Nbc6 5. Nf3 Bg4 6. Be2 dxc4 7. Qa4 Qd7 8.
Qxc4 Bxf3 9. Bxf3 Nxe5 10. Qe4 Nd3+ 11. Ke2 Nxc1+ 12. Rxc1 Qb5+ 13. Qc4 Qxb2+
14. Qc2 Qxc2+ 15. Rxc2 c6 16. Nd2 O-O-O 17. Nc4 g6 18. Rb1 Bg7 19. e4 Rhe8 20.
Kf1 Bd4 21. Na5 Rd7 22. Bg4 f5 23. exf5 gxf5 24. Bh5 Ng6 25. Bf3 Ne5 26. Be2
Bb6 27. Nc4 Kc7 28. h3 Nd3 29. Rb3 Nf4 30. Bf3 Rde7 31. Rb1 Nd3 32. Be2 Nc5 33.
Bh5 Rd8 34. Be2 Red7 35. Rcb2 Na4 36. Rc2 Bd4 37. Rb3 Nc5 38. Rf3 Rd5 39. g3
Ne4 40. a4 Rc5 41. Rf4 b6 42. Kg2 b5 43. Na3 b4 44. Rxc5 Bxc5 45. Nc4 Rd5 46.
g4 fxg4 47. Rxe4 gxh3+ 48. Kxh3 1/2-1/2

[Event "Jm KP I 24-25 Sloup-Duras Brno B"]
[Site "Sloup, Hotel Brousek, board 6"]
[Date "2025.02.16"]
[Round "44.6"]
[White "Hyrs, Martin"]
[Black "Skocik, Marek"]
[Result "0-1"]
[WhiteElo "1857"]
[BlackElo "2001"]
[PlyCount "88"]

1. Nf3 d5 2. d4 Nf6 3. c4 e6 4. Nc3 c6 5. cxd5 exd5 6. Bg5 Be7 7. e3 Bf5 8. Bd3
Ne4 9. Bxe7 Qxe7 10. Qc2 Nd7 11. O-O O-O 12. Nd2 Rae8 13. Rab1 Ndf6 14. Ncxe4
dxe4 15. Be2 Nd5 16. Rfe1 Qg5 17. Bf1 Re6 18. g3 h5 19. Bg2 Rfe8 20. a3 h4 21.
Nf1 Rh6 22. Qd2 Bg4 23. b4 Bf3 24. Bxf3 exf3 25. e4 Qxd2 26. Nxd2 Nc3 27. Rb3
Ne2+ 28. Kf1 hxg3 29. fxg3 Rxh2 30. Nxf3 Nxg3+ 31. Kg1 Rh1+ 32. Kg2 Rxe1 33.
Nxe1 Nxe4 34. Nf3 Nd6 35. Kg3 Re4 36. Rd3 Nf5+ 37. Kf2 Ne7 38. Ng5 Rg4 39. Nf3
f6 40. Ke3 Nd5+ 41. Kd2 Rg2+ 42. Ke1 g5 43. Kf1 Ra2 44. Nd2 Nf4 0-1

[Event "Jm KP I 24-25 Sloup-Duras Brno B"]
[Site "Sloup, Hotel Brousek, board 7"]
[Date "2025.02.16"]
[Round "44.7"]
[White "Balaz, Frantisek"]
[Black "Borkovec, Ondrej"]
[Result "1-0"]
[WhiteElo "1880"]
[BlackElo "1792"]
[PlyCount "119"]

1. e4 c5 2. c3 d5 3. exd5 Qxd5 4. d4 cxd4 5. cxd4 Nc6 6. Nf3 Bg4 7. Be2 e6 8.
Nc3 Qa5 9. O-O Nf6 10. Be3 Be7 11. h3 Bh5 12. Qb3 Qb4 13. Rfd1 Rd8 14. g4 Bg6
15. Bb5 O-O 16. Bxc6 bxc6 17. Ne5 Rc8 18. Bg5 Nd5 19. Nxg6 hxg6 20. Qxb4 Bxb4
21. Rac1 Nxc3 22. bxc3 Bd6 23. Rb1 Rb8 24. Rb3 Rb6 25. Rdb1 Rfb8 26. Be3 Rb5
27. Kf1 a5 28. Ke2 a4 29. Rxb5 Rxb5 30. Rxb5 cxb5 31. Kd3 Kf8 32. c4 b4 33. c5
Bc7 34. Kc4 Ba5 35. Bc1 Ke7 36. a3 b3 37. Bb2 Be1 38. f3 f6 39. Kb5 e5 40. Kxa4
exd4 41. Bxd4 Bf2 42. Bb2 Bxc5 43. Kxb3 Kd7 44. Kc4 Kc6 45. a4 Be7 46. Bc3 g5
47. Bb4 Bd8 48. Kd4 g6 49. Ke4 Bc7 50. Bc3 Bd8 51. f4 gxf4 52. Kxf4 Kd5 53. h4
Bc7+ 54. Kf3 Bd8 55. h5 gxh5 56. gxh5 Ke6 57. Ke4 Bc7 58. h6 Kf7 59. Kf5 Kg8
60. Kg6 1-0

[Event "Jm KP I 24-25 Sloup-Duras Brno B"]
[Site "Sloup, Hotel Brousek, board 8"]
[Date "2025.02.16"]
[Round "44.8"]
[White "Klinkovsky, Vojtech"]
[Black "Helebrand, Zdenek"]
[Result "1-0"]
[WhiteElo "1875"]
[BlackElo "1869"]
[PlyCount "87"]

1. e4 g6 2. d4 Bg7 3. Nc3 c6 4. f4 d6 5. Nf3 Bg4 6. Be3 Nf6 7. h3 Bxf3 8. Qxf3
O-O 9. O-O-O b5 10. e5 Nfd7 11. Nxb5 Na6 12. Nc3 Qa5 13. Qxc6 Nb4 14. Qxd7 Rfc8
15. Qa4 Qb6 16. a3 Rxc3 17. bxc3 Na2+ 18. Kd2 Rc8 19. Qb3 Qa5 20. Bc4 d5 21.
Qxa2 Rxc4 22. Qb3 h6 23. Ra1 e6 24. Ke1 g5 25. g3 Kh7 26. Bd2 Rc6 27. Kf2 Qa6
28. Rhb1 Rb6 29. Qa2 Rc6 30. a4 f6 31. Qa3 fxe5 32. fxe5 Rc7 33. Re1 Rf7+ 34.
Kg2 Qc8 35. Rf1 Rxf1 36. Rxf1 Qc4 37. Rf2 Qc8 38. Qc5 Qb7 39. Qb5 Qc8 40. a5 a6
41. Qd3+ Kg8 42. Qg6 Qd7 43. h4 gxh4 44. Bxh6 1-0

[Event "Jm KP I 24-25 Kurim B - Veseli"]
[Site "Kurim"]
[Date "2025.02.16"]
[Round "45.1"]
[White "Krena, Bohuslav"]
[Black "Uricar, Jakub"]
[Result "0-1"]
[WhiteElo "1945"]
[BlackElo "2111"]
[PlyCount "62"]

1. c4 e5 2. Nc3 Nc6 3. g3 g6 4. Bg2 Bg7 5. Nf3 d6 6. O-O Be6 7. d3 h6 8. Bd2
Qd7 9. Re1 Bh3 10. Bh1 Nd8 11. Rb1 Ne6 12. b4 c6 13. b5 f5 14. bxc6 bxc6 15.
Qa4 Ne7 16. Rb4 Nc5 17. Qa5 e4 18. dxe4 fxe4 19. Nh4 g5 20. Ng2 O-O 21. Ne3 Qe6
22. Reb1 Nf5 23. Nxf5 Rxf5 24. Rb8+ Rxb8 25. Rxb8+ Kh7 26. Qxa7 e3 27. Be1
exf2+ 28. Bxf2 Qe3 29. Bf3 Qc1+ 30. Nd1 Qxd1+ 31. Be1 Qxe1# 0-1

[Event "Jm KP I 24-25 Kurim B - Veseli"]
[Site "Kurim"]
[Date "2025.02.16"]
[Round "45.2"]
[White "Skalka, Jan"]
[Black "Keprt, Tomas"]
[Result "1-0"]
[WhiteElo "1980"]
[BlackElo "1882"]
[PlyCount "45"]

1. c4 e5 2. g3 Nf6 3. Bg2 c6 4. d4 exd4 5. Qxd4 d5 6. Nc3 Be6 7. cxd5 cxd5 8.
Nf3 Nc6 9. Qa4 Bc5 10. O-O O-O 11. Bg5 h6 12. Bf4 a6 13. Rad1 Qe7 14. e3 Rad8
15. Ne5 Nb4 16. a3 b5 17. Qa5 g5 18. axb4 Bxb4 19. Nc6 Qc5 20. Qxb4 Qxc6 21.
Be5 Ng4 22. Bd4 f6 23. h3 1-0

[Event "Jm KP I 24-25 Kurim B - Veseli"]
[Site "Kurim"]
[Date "2025.02.16"]
[Round "45.3"]
[White "Kudla, Vladimir"]
[Black "Travnicek, Petr"]
[Result "1/2-1/2"]
[WhiteElo "1944"]
[BlackElo "2081"]
[PlyCount "90"]

1. e4 c5 2. c3 d5 3. exd5 Qxd5 4. d4 Nf6 5. Nf3 Bg4 6. Be2 cxd4 7. cxd4 e6 8.
O-O Nc6 9. Nc3 Qa5 10. Be3 Rc8 11. h3 Bh5 12. Qb3 Qb4 13. Rfd1 Bg6 14. Bc4 Be7
15. a3 Qxb3 16. Bxb3 O-O 17. Ne5 Rfd8 18. Nxg6 hxg6 19. d5 exd5 20. Nxd5 Nxd5
21. Bxd5 Bf6 22. Rab1 b6 23. b4 Ne5 24. b5 Rc3 25. Bd4 Rd3 26. Bxe5 R8xd5 27.
Rxd3 Rxd3 28. Bxf6 gxf6 29. a4 Kf8 30. Kf1 Ke7 31. Ke2 Rd4 32. Ra1 Kd6 33. Ke3
Ke5 34. f3 Rb4 35. Ra3 f5 36. g4 f4+ 37. Kd3 Kd5 38. h4 Rb1 39. h5 gxh5 40.
gxh5 Rh1 41. Rc3 Rxh5 42. Rc7 Rh3 43. Ke2 Rh2+ 44. Kd3 Rh3 45. Ke2 Rh2+ 1/2-1/2

[Event "Jm KP I 24-25 Kurim B - Veseli"]
[Site "Kurim"]
[Date "2025.02.16"]
[Round "45.4"]
[White "Krizek, Frantisek"]
[Black "Shelest, Olexii"]
[Result "0-1"]
[WhiteElo "1923"]
[BlackElo "1893"]
[PlyCount "142"]

1. c4 Nf6 2. Nc3 e6 3. d4 d5 4. cxd5 exd5 5. Bg5 Be7 6. Nf3 c6 7. e3 Bf5 8. Bd3
Bxd3 9. Qxd3 Nbd7 10. O-O O-O 11. Rac1 Ne4 12. Bxe7 Qxe7 13. Nd2 f5 14. Rfe1
Rae8 15. Ne2 Rf6 16. Nf1 Nf8 17. f3 Nd6 18. b3 g5 19. Nc3 Ng6 20. Re2 Re6 21.
Rce1 Qf7 22. g3 Nf8 23. e4 fxe4 24. fxe4 Qg6 25. Nd2 Nd7 26. Qb1 Qh5 27. e5 Qg4
28. Qd3 Nf5 29. Nf3 Rf8 30. Rf2 h6 31. Ref1 Ng7 32. Ne2 Nh5 33. Kh1 Ng7 34. Kg2
Qh5 35. h3 g4 36. hxg4 Qxg4 37. Nh2 Qg5 38. Nf4 Ree8 39. Nf3 Qg4 40. Nh2 Qg5
41. Nh3 Qe7 42. Qg6 Qe6 43. Rxf8+ Rxf8 44. Rxf8+ Nxf8 45. Qd3 Qf5 46. Qe3 Nfe6
47. Nf2 Ng5 48. Nf3 N7e6 49. Nxg5 hxg5 50. b4 Kg7 51. Nd3 b6 52. b5 c5 53. dxc5
bxc5 54. Nxc5 Qc2+ 55. Kh3 Qxc5 56. Qf3 Qf8 57. Qxd5 Qf7 58. Kg4 Kg6 59. Qe4+
Kh6 60. Qh1+ Kg7 61. Qd5 Qe8 62. Qb7+ Qf7 63. Qd5 Qe7 64. Kf5 Nc7 65. Qd6 Qf7+
66. Kxg5 Ne6+ 67. Kh4 Kg6 68. Kh3 Qf1+ 69. Kh2 Qe2+ 70. Kh3 Kf5 71. a4 Ng5+ 0-1

[Event "Jm KP I 24-25 Kurim B - Veseli"]
[Site "Kurim"]
[Date "2025.02.16"]
[Round "45.5"]
[White "Rubes, Pavel"]
[Black "Vrtal, Jaroslav"]
[Result "0-1"]
[WhiteElo "1963"]
[BlackElo "1962"]
[PlyCount "58"]

1. d4 d5 2. c4 c6 3. Nc3 Nf6 4. Bf4 e6 5. e3 Be7 6. h3 O-O 7. Nf3 Nbd7 8. Bd3
dxc4 9. Bxc4 b5 10. Bd3 a6 11. O-O c5 12. Ne4 c4 13. Nxf6+ Nxf6 14. Be2 Bb7 15.
Ne5 Rc8 16. a4 Qb6 17. Bg5 Rfd8 18. Bh5 g6 19. Ng4 Nd5 20. a5 Qc7 21. Bxe7 Qxe7
22. e4 Nf4 23. Nh6+ Kg7 24. Bf3 Kxh6 25. g3 Nxh3+ 26. Kg2 Ng5 27. Qd2 Kg7 28.
Rh1 Qf6 29. Qe3 Qxf3+ 0-1

[Event "Jm KP I 24-25 Kurim B - Veseli"]
[Site "Kurim"]
[Date "2025.02.16"]
[Round "45.6"]
[White "Klenner, Richard"]
[Black "Bocek, Tadeas"]
[Result "1/2-1/2"]
[WhiteElo "1957"]
[BlackElo "1909"]
[PlyCount "40"]

1. e4 c5 2. Nf3 Nc6 3. Bb5 g6 4. O-O Bg7 5. c3 Nf6 6. Re1 O-O 7. d4 cxd4 8.
cxd4 a6 9. Bf1 d5 10. e5 Ne4 11. Nc3 Nxc3 12. bxc3 Na5 13. Ba3 Re8 14. Bb4 Bd7
15. Bxa5 Qxa5 16. c4 Ba4 17. Qd2 Qxd2 18. Nxd2 Bh6 19. Nb3 dxc4 20. Bxc4 Bxb3
1/2-1/2

[Event "Jm KP I 24-25 Kurim B - Veseli"]
[Site "Kurim"]
[Date "2025.02.16"]
[Round "45.7"]
[White "Pesl, Jan"]
[Black "Pistek, Jan"]
[Result "1/2-1/2"]
[WhiteElo "1879"]
[BlackElo "1911"]
[PlyCount "64"]

1. e4 c5 2. Nc3 e6 3. g3 g6 4. Bg2 Bg7 5. f4 f5 6. d3 d6 7. Nf3 Ne7 8. O-O O-O
9. Ne2 Nbc6 10. c3 e5 11. Qb3+ Kh8 12. Ng5 Qe8 13. fxe5 dxe5 14. Be3 b6 15.
Rad1 h6 16. Ne6 Bxe6 17. Qxe6 Qf7 18. Qxf7 Rxf7 19. d4 cxd4 20. cxd4 exd4 21.
Nxd4 Nxd4 22. Bxd4 Bxd4+ 23. Rxd4 Raf8 24. Rd7 Ng8 25. Rfd1 fxe4 26. Rxf7 Rxf7
27. Bxe4 Kg7 28. Rd6 Nf6 29. Bd3 Rd7 30. Rxd7+ Nxd7 31. Kf2 Kf6 32. Ke3 g5
1/2-1/2

[Event "Jm KP I 24-25 Kurim B - Veseli"]
[Site "Kurim"]
[Date "2025.02.16"]
[Round "45.8"]
[White "Uricar, Zdenek"]
[Black "Cihal, Jan"]
[Result "1/2-1/2"]
[WhiteElo "1910"]
[BlackElo "1870"]
[PlyCount "122"]

1. e4 c5 2. Nf3 d6 3. Bb5+ Bd7 4. Bxd7+ Qxd7 5. c4 Nc6 6. d4 cxd4 7. Nxd4 Nf6
8. Nc3 g6 9. O-O Bg7 10. Nc2 Rc8 11. Rb1 O-O 12. h3 Qe6 13. Qe2 Nd7 14. Nd5 Nc5
15. Re1 Rfe8 16. b3 Qd7 17. Bb2 Bxb2 18. Rxb2 Qd8 19. Rd1 e6 20. Ndb4 Nxb4 21.
Nxb4 Qb6 22. Nd3 Rcd8 23. Rbd2 d5 24. Nxc5 Qxc5 25. exd5 exd5 26. Qf3 d4 27.
Qxb7 Re7 28. Qf3 Rde8 29. Qd5 Qc7 30. g3 Rd8 31. Qb5 Red7 32. Qg5 Kg7 33. Qg4
f5 34. Qf3 Qa5 35. Qf4 Qc3 36. Rd3 Qb2 37. Qd2 Qxd2 38. R1xd2 Kf6 39. f4 Rd6
40. c5 Rd5 41. b4 R8d7 42. Kf2 Ke7 43. Re2+ Kd8 44. Kf3 a5 45. a3 axb4 46. axb4
Rb7 47. Re5 Rbd7 48. Rxd5 Rxd5 49. Ke2 Kc7 50. Ra3 Kc6 51. Ra5 d3+ 52. Kd2 Rd4
53. Ra6+ Kb5 54. Rb6+ Kc4 55. Rd6 Re4 56. Rxd3 Kxb4 57. c6 Rc4 58. Rd7 Rxc6 59.
Rxh7 Kc4 60. Rd7 Ra6 61. Ke2 Ra3 1/2-1/2

[Event "Jm KP I 24-25 Loko Brno B - Jundrov C"]
[Site "?"]
[Date "2025.02.16"]
[Round "46.1"]
[White "Straka, Vojtech"]
[Black "Ruzicka, Frantisek"]
[Result "0-1"]
[WhiteElo "2012"]
[BlackElo "2022"]
[PlyCount "80"]

1. c4 Nf6 2. g3 g6 3. Bg2 Bg7 4. d4 O-O 5. Nc3 d6 6. e4 e5 7. d5 Nbd7 8. Nge2
a5 9. O-O Nc5 10. a3 Bd7 11. b3 Qc8 12. f3 Bh3 13. Be3 b6 14. b4 Bxg2 15. Kxg2
Nb7 16. Qc2 Nh5 17. Na4 axb4 18. axb4 f5 19. c5 bxc5 20. bxc5 fxe4 21. fxe4
dxc5 22. Rxf8+ Bxf8 23. Rc1 Ra5 24. Qb3 Bd6 25. h3 Qa8 26. Nec3 Nf6 27. Bh6 Nd8
28. Rf1 Nf7 29. Be3 Kg7 30. Nb2 Ra3 31. Qc2 Qa5 32. Qf2 Be7 33. Bg5 Nxg5 34. d6
Qxc3 35. dxe7 Ngxe4 36. e8=N+ Kf7 37. Nd1 Qxg3+ 38. Qxg3 Rxg3+ 39. Kh2 Rd3 40.
Nxc7 c4 0-1

[Event "Jm KP I 24-25 Loko Brno B - Jundrov C"]
[Site "?"]
[Date "2025.02.16"]
[Round "46.2"]
[White "Ruzicka, Martin"]
[Black "Wunsch, Radek"]
[Result "1-0"]
[WhiteElo "1989"]
[BlackElo "2029"]
[PlyCount "69"]

1. d4 Nf6 2. Bg5 Ne4 3. Bf4 c5 4. f3 Nf6 5. d5 d6 6. c4 e5 7. Bd2 Nh5 8. g3 f5
9. e4 Nf6 10. Nc3 Be7 11. Bd3 fxe4 12. Nxe4 Nxe4 13. Bxe4 Nd7 14. Qc2 Nf6 15.
Bd3 O-O 16. O-O-O h6 17. Ne2 a6 18. Nc3 Bd7 19. Kb1 Ne8 20. f4 exf4 21. Bxf4
Bg5 22. Bxg5 Qxg5 23. Ne4 Qd8 24. Rhf1 Rxf1 25. Rxf1 Qe7 26. Qe2 Qe5 27. Qf2
Qe7 28. Qf4 b5 29. g4 bxc4 30. Bc2 Ra7 31. g5 hxg5 32. Nxg5 Nf6 33. Qh4 Qe5 34.
Bh7+ Kf8 35. Bg6 1-0

[Event "Jm KP I 24-25 Loko Brno B - Jundrov C"]
[Site "?"]
[Date "2025.02.16"]
[Round "46.3"]
[White "Pribyl, Rene"]
[Black "Sipek, Oldrich"]
[Result "0-1"]
[WhiteElo "1898"]
[BlackElo "1915"]
[PlyCount "44"]

1. d4 d5 2. Nf3 Nf6 3. c4 e6 4. Nc3 c6 5. e3 Bb4 6. Bd2 O-O 7. a3 Ba5 8. b4 Bc7
9. Be2 Nbd7 10. c5 e5 11. dxe5 Nxe5 12. O-O Nfg4 13. g3 Nxf3+ 14. Bxf3 Ne5 15.
Bg2 Qf6 16. f4 Nc4 17. e4 dxe4 18. Nxe4 Qd4+ 19. Rf2 f5 20. Qb3 Qxa1+ 21. Bf1
Be6 22. Kg2 Qxa3 0-1

[Event "Jm KP I 24-25 Loko Brno B - Jundrov C"]
[Site "?"]
[Date "2025.02.16"]
[Round "46.4"]
[White "Nikodem, Gustav"]
[Black "Marsa, Alexandr"]
[Result "1/2-1/2"]
[WhiteElo "2001"]
[BlackElo "1993"]
[PlyCount "27"]

1. d4 d5 2. Nf3 Nf6 3. g3 c6 4. Bg2 Bf5 5. O-O e6 6. c4 Be7 7. Nc3 O-O 8. Qb3
Qb6 9. Qxb6 axb6 10. cxd5 exd5 11. Bf4 Ne4 12. Ne5 Nxc3 13. bxc3 Ba3 14. Bc1
1/2-1/2

[Event "Jm KP I 24-25 Loko Brno B - Jundrov C"]
[Site "?"]
[Date "2025.02.16"]
[Round "46.5"]
[White "Vesely, Jaromir"]
[Black "Rysanek, Jakub"]
[Result "0-1"]
[WhiteElo "1923"]
[BlackElo "1980"]
[PlyCount "108"]

1. d4 d5 2. c4 e6 3. Nc3 Nf6 4. Nf3 Be7 5. Bg5 O-O 6. e3 Nbd7 7. a3 h6 8. Bh4
b6 9. Bd3 Bb7 10. Qe2 c5 11. Rd1 cxd4 12. exd4 dxc4 13. Bxc4 Re8 14. O-O Nd5
15. Bxe7 Nxe7 16. Ne4 Nf5 17. Bd3 Nf6 18. Bb1 Rc8 19. Rfe1 Bd5 20. Nc3 Bb3 21.
Rd2 Nd6 22. Ne5 Nc4 23. Rd3 Nd5 24. Rf3 Nxe5 25. dxe5 Nxc3 26. bxc3 Qd5 27. Rg3
Kh8 28. Rd3 Bc4 29. Rxd5 Bxe2 30. Rd7 Rxc3 31. Rxa7 Kg8 32. f4 Bd3 33. Bxd3
Rxd3 34. Rb1 Rb8 35. Rb2 b5 36. Kf2 Rc8 37. g3 Rcc3 38. Rxb5 Rc2+ 39. Ke1 Rxh2
40. Rb8+ Kh7 41. Rbb7 Rxg3 42. Kf1 Rc3 43. Rc7 Rxc7 44. Rxc7 Kg6 45. a4 Ra2 46.
Rc4 h5 47. Kg1 h4 48. Kh1 f6 49. exf6 gxf6 50. f5+ Kxf5 51. Rxh4 e5 52. Rb4 e4
53. Kg1 Kf4 54. Kf1 Kf3 0-1